00484 2200193 4500001002100000005001500021008004100036020002200077035001900099041000700118082000800125090001400133100001600147245002600163260003800189300003100227500001000258650002200268INLIS00000000000511920241224113036241224||||||||| | ||| |||| || |  a978-602-8556-61-3 0010-1224005119 aid0 a813 a813 EKO B0 aEKO HARTONO00aBINTANG PUN BERTASBIH aJakartabKakilangit kencanac2015 a12,5X19 CM,; viii, 168 HAL aCET 1 0aIlmu Kesusastraan